Statistiken für Top 15 Länder mit Covid-19-Todesfällen - 13. April 2022

Klicken Sie hier um das Quiz zu spielen!

Allgemein

  • Dieses Quiz wurde 17 mal gespielt
  • Das Durchschnittsergebnis liegt bei 12 aus 27

Antwortstatistiken

Land% Korrekt
Deutschland
100%
Vereinigte Staaten
100%
Indien
94%
Russland
94%
Brasilien
82%
Frankreich
82%
Italien
82%
Vereinigtes Königreich
65%
Polen
59%
Argentinien
53%
Mexiko
53%
Iran
35%
Tschechien
29%
Indonesien
24%
Kroatien
24%
Bosnien und Herzegowina
18%
Bulgarien
18%
Kolumbien
18%
Peru
18%
Rumänien
18%
Slowakei
18%
Slowenien
18%
Ungarn
18%
Georgien
12%
Lettland
12%
Litauen
12%
Nordmazedonien
6%

Verteilung der Resultate

Perzentil nach korrekt beantworteten Fragen

Anzahl Personen mit jedem Resultat

Ihre Resultats-Entwicklung

Sie haben dieses Quiz noch nicht gespielt